| 000 | 00679nam a2200241Ia 4500 | ||
|---|---|---|---|
| 005 | 20260121112611.0 | ||
| 008 | 7301 260114s9999 xx 000 0 eng d | ||
| 020 | _a9789812776150 | ||
| 037 | _aEBOOK | ||
| 040 |
_aCRL _beng _cCRL |
||
| 041 |
_aeng _2eng |
||
| 084 | _qCRL | ||
| 100 |
_aKhao Dao Tien Et Al _9960225 |
||
| 245 | 0 | _aPhysics of Unstable Nuclei - Proceedings of the International Symposium on the Ispun07 | |
| 260 | _bWorld Scientific | ||
| 260 | _bWSPC | ||
| 260 | _c2008 | ||
| 650 |
_aPhysics _9960226 |
||
| 856 | _uhttps://www.worldscientific.com/worldscibooks/10.1142/6649#t=toc | ||
| 942 | _cEBOOK | ||
| 999 |
_c1544601 _d1544601 |
||